| 000 | 01277 a2200241 4500 | ||
|---|---|---|---|
| 003 | Nust | ||
| 005 | 20221212181739.0 | ||
| 010 | _a 99052271 | ||
| 020 | _a0070228396 (alk. paper) | ||
| 040 | _cNust | ||
| 082 | 0 | 0 | _a621.3821,LEO |
| 100 | 1 |
_aLeon-Garcia, Alberto. _969592 |
|
| 245 | 1 | 0 |
_aCommunication networks : _bfundamental concepts and key architectures / _cAlbert Leon-Garcia, Indra Widjaja. |
| 260 |
_aBoston : _bMcGraw-Hill, _cc2000. |
||
| 300 |
_axxiii, 867 p. : _bill. ; _c24 cm. |
||
| 440 | 0 |
_aMcGraw-Hill series in computer science _955540 |
|
| 505 | _a Communication Networks and Services (Page -1), Applications and Layered Architectures (Page -43), Digital Transmission Fundamentals (Page -95), Transmission Systems and the Telephone Networks (Page -192), Peer to Peer Protocols (Page -262), Local Area Networks and Medium Access Control Protocols (Page -339), TCP /IP (Page -544), ATM Networks (Page -627), Advanced Network Architectures (Page -675), Security Protocols (Page -716), Multimedia Information and Networking (Page -752), Epilogue (Page -812). | ||
| 650 | 0 | _aComputer network architectures. | |
| 650 | 0 |
_aComputer networks. _93677 |
|
| 650 | 0 | _aTelecommunication Engineering | |
| 700 | 1 |
_aWidjaja, Indra, _d1960- _9104673 |
|
| 942 |
_2ddc _cBK |
||
| 999 |
_c182646 _d182646 |
||